Governments and small business / (Record no. 26709)
[ view plain ]
| 000 -LEADER | |
|---|---|
| fixed length control field | 01172cam a22003015a 4500 |
| 001 - CONTROL NUMBER | |
| control field | 1057503 |
| 005 - DATE AND TIME OF LATEST TRANSACTION | |
| control field | 20201128024342.0 |
| 008 - FIXED-LENGTH DATA ELEMENTS--GENERAL INFORMATION | |
| fixed length control field | 900220t1989 enka frb 001 0 eng d |
| 020 ## - INTERNATIONAL STANDARD BOOK NUMBER | |
| International Standard Book Number | 1853960357 |
| 020 ## - INTERNATIONAL STANDARD BOOK NUMBER | |
| International Standard Book Number | 9781853960352 |
| 040 ## - CATALOGING SOURCE | |
| Original cataloging agency | DLC |
| Transcribing agency | DLC |
| Modifying agency | DLC |
| -- | EG-ScBUE |
| Language of cataloging | eng |
| 043 ## - GEOGRAPHIC AREA CODE | |
| Geographic area code | e-uk--- |
| 082 04 - DEWEY DECIMAL CLASSIFICATION NUMBER | |
| Edition number | 22 |
| Classification number | 338.6420941 |
| Item number | BAN |
| 100 1# - MAIN ENTRY--PERSONAL NAME | |
| Personal name | Bannock, Graham. |
| 9 (RLIN) | 1333 |
| 245 10 - TITLE STATEMENT | |
| Title | Governments and small business / |
| Statement of responsibility, etc | Graham Bannock and Alan Peacock. |
| 260 ## - PUBLICATION, DISTRIBUTION, ETC. (IMPRINT) | |
| Place of publication, distribution, etc | London : |
| Name of publisher, distributor, etc | Paul Chapman Pub. for the David Hume Institute, |
| Date of publication, distribution, etc | c.1989. |
| 300 ## - PHYSICAL DESCRIPTION | |
| Extent | viii, 278 p. : |
| Other physical details | ill. ; |
| Dimensions | 24 cm. |
| 504 ## - BIBLIOGRAPHY, ETC. NOTE | |
| Bibliography, etc | Includes bibliographical references and index. |
| 650 #7 - SUBJECT ADDED ENTRY--TOPICAL TERM | |
| Topical term or geographic name as entry element | Small business |
| Geographic subdivision | Great Britain. |
| Source of heading or term | BUEsh |
| 9 (RLIN) | 29545 |
| 650 #7 - SUBJECT ADDED ENTRY--TOPICAL TERM | |
| Topical term or geographic name as entry element | Small business |
| General subdivision | Taxation |
| Geographic subdivision | Great Britain. |
| Source of heading or term | BUEsh |
| 650 #7 - SUBJECT ADDED ENTRY--TOPICAL TERM | |
| Topical term or geographic name as entry element | Small business |
| General subdivision | Government policy |
| Geographic subdivision | Great Britain. |
| Source of heading or term | BUEsh |
| 653 ## - INDEX TERM--UNCONTROLLED | |
| Resource For college | BAEPS, Business Administration |
| Arrived date list | May2018 |
| 700 1# - ADDED ENTRY--PERSONAL NAME | |
| Personal name | Peacock, Alan T., |
| Dates associated with a name | 1922-2014. |
| 710 2# - ADDED ENTRY--CORPORATE NAME | |
| Corporate name or jurisdiction name as entry element | David Hume Institute. |
| 856 42 - ELECTRONIC LOCATION AND ACCESS | |
| Materials specified | Publisher description |
| Uniform Resource Identifier | <a href="http://www.loc.gov/catdir/enhancements/fy0658/90120365-d.html">http://www.loc.gov/catdir/enhancements/fy0658/90120365-d.html</a> |
| 856 41 - ELECTRONIC LOCATION AND ACCESS | |
| Materials specified | Table of contents only |
| Uniform Resource Identifier | <a href="http://www.loc.gov/catdir/enhancements/fy0658/90120365-t.html">http://www.loc.gov/catdir/enhancements/fy0658/90120365-t.html</a> |
| 942 ## - ADDED ENTRY ELEMENTS (KOHA) | |
| Source of classification or shelving scheme | Dewey Decimal Classification |
| Withdrawn status | Item status | Source of classification or shelving scheme | Damaged status | Not for loan | Home library | Current library | Shelving location | Date acquired | Total Checkouts | Full call number | Barcode | Date last seen | Koha item type |
|---|---|---|---|---|---|---|---|---|---|---|---|---|---|
| Dewey Decimal Classification | Central Library | Central Library | First floor | 13/05/2018 | 338.6420941 BAN | 000047761 | 15/07/2025 | Book - Borrowing |